Siṃhala mahimaya / (Record no. 82459)

MARC details
000 -LEADER
fixed length control field 00767cam a2200229 a 4500
001 - CONTROL NUMBER
control field sa 68008591
003 - CONTROL NUMBER IDENTIFIER
control field DLC
005 - DATE AND TIME OF LATEST TRANSACTION
control field 20260227112533.0
008 - FIXED-LENGTH DATA ELEMENTS--GENERAL INFORMATION
fixed length control field 970826s1966 ce b 000 0 sin
010 ## - LIBRARY OF CONGRESS CONTROL NUMBER
LC control number sa 68008591
040 ## - CATALOGING SOURCE
Original cataloging agency DLC
Transcribing agency DLC
Modifying agency DLC
043 ## - GEOGRAPHIC AREA CODE
Geographic area code a-ce---
050 00 - LIBRARY OF CONGRESS CALL NUMBER
Classification number DS489.5
Item number .S48
100 1# - MAIN ENTRY--PERSONAL NAME
Personal name Silvā, Em. Ec. Pīṭar.,
Dates associated with a name 1908-
245 10 - TITLE STATEMENT
Title Siṃhala mahimaya /
Statement of responsibility, etc. Em. Ec. Pīṭar Silvā.
260 ## - PUBLICATION, DISTRIBUTION, ETC.
Place of publication, distribution, etc. Koḷamba :
Name of publisher, distributor, etc. Guṇasiri Prakāśakayō ;
-- Bedā harinnō, Ăm. Ḍī. Guṇasēna,
Date of publication, distribution, etc. [1966]
300 ## - PHYSICAL DESCRIPTION
Extent 124, iivx (i.e. xvii) p. ;
Dimensions 18 cm.
546 ## - LANGUAGE NOTE
Language note In Sinhalese.
504 ## - BIBLIOGRAPHY, ETC. NOTE
Bibliography, etc. note Includes bibliographical references (p. 95-124).
520 ## - SUMMARY, ETC.
Summary, etc. History of the people of Ceylon to the 8th cent.
651 #0 - SUBJECT ADDED ENTRY--GEOGRAPHIC NAME
Geographic name Sri Lanka
General subdivision History
Chronological subdivision To 1505.

No items available.

Powered by Koha